LEADER 01041nam a2200229 i 4500 001 000000064108 003 CaOOAMICUS 005 20040628000000.0 008 040628s1982 it u000 u ita u 013 $a35280 040 $aSeMil$bita 245 10$aCatalogo generale della Donazione Butti /$cfotografie di Gottardo Ortelli. 300 $a19 p., [90] p. di tav. ;$c25 cm. 500 $aContiene : Bibliografia. 650 4$aViggiù - Museo Butti - Cataloghi.$0(OLS)http://semarc/subject/12537 700 1 $aGualdoni, Flaminio,$d<1954- >.$0(OLS)http://semarc/name/5698 700 1 $aOrtelli, Gottardo.$0(OLS)http://semarc/name/23018 700 1 $aButti, Enrico .$0(OLS)http://semarc/name/5699 773 0 $aGualdoni, Flaminio <1954- >$tViggiù, il Museo Butti.$d[Viggiù] : Comune di Viggiù, stampa 1982.$gParte1$w()11859 850 $aSeMil 852 $aSeMil$W1$xVenegono$y1$m5K XVI 4$j30261$B30261$CSeMilBibl$Z2$F30264 $81 996 $6245$aCatalogo generale della Donazione Butti$9(OLS)http://semarc/title/101385 LEADER 01034nam a2200253 i 4500 001 000000116294 003 CaOOAMICUS 005 20030613000000.0 008 030613s1980 it u000 u ita u 013 $a88983 040 $aSeMil$bita 245 10$aS. Benedetto e otto secoli (12.-19.) di vita monastica nel padovano. 260 $aPadova :$bAntenore,$c1980. 300 $a304 p., [14] p. di tav. :$bill. ;$c22 cm. 490 0 $aMiscellanea erudita ;$v33. 500 $aFondo Card. C.M. Martini. 650 4$aBenedettini - Padova - Sec. 12.-19.$0(OLS)http://semarc/subject/21427 830 0$aMiscellanea erudita ;$v33.$0(OLS)http://semarc/title/9375 850 $aSeMil 852 $aSeMil$W1$xVenegono$y1$m3G III 54$j71767$B71767$CSeMilBibl$Z2$F87296 $81 941 1 $a4 961 $aOmaggio: Martini Card. Carlo Maria 996 $6245$aS. Benedetto e otto secoli (12.-19.) di vita monastica nel padovano$9(OLS)http://semarc/title/170542 996 $6260$aPadova :$bAntenore$9(OLS)http://semarc/publisher/30160